Fundamentals of financial accounting (Record no. 152755)

MARC details
000 -LEADER
fixed length control field 00383nam a2200157Ia 4500
008 - FIXED-LENGTH DATA ELEMENTS--GENERAL INFORMATION
fixed length control field 230917s9999||||xx |||||||||||||| ||und||
040 ## - CATALOGING SOURCE
-- 148482
Original cataloging agency VIVEKANANDA LIBRARY
041 ## - Language
-- English
082 ## - DDC NUMBER
Classification number 657.48 S41F
100 ## - MAIN ENTRY--PERSONAL NAME
Personal name Sehgal, Ashok
245 #0 - TITLE STATEMENT
Title Fundamentals of financial accounting
250 ## - EDITION STATEMENT
Edition statement 5th ed.
260 ## - PUBLICATION, DISTRIBUTION, ETC. (IMPRINT)
Place of publication, distribution, etc New Delhi
Name of publisher, distributor, etc Taxmann
Date of publication, distribution, etc 2006
300 ## - PHYSICAL DESCRIPTION
Pages 1176p p.
942 ## - ADDED ENTRY ELEMENTS (KOHA)
Koha item type Books
Holdings
Withdrawn status Lost status Damaged status Not for loan Location (home branch) Sublocation or collection (holding branch) Shelving location Date acquired Koha issues (times borrowed) Koha full call number Accession No. Koha date last seen Koha item type
        VIVEKANANDA LIBRARY VIVEKANANDA LIBRARY IMSAR Library 24/03/2010 1 657.48 S41F 276495 10/09/2025 Books
        VIVEKANANDA LIBRARY VIVEKANANDA LIBRARY IMSAR Library 24/03/2010 2 657.48 S41F 276496 19/11/2025 Books
        VIVEKANANDA LIBRARY VIVEKANANDA LIBRARY   24/03/2010 1 657.48 S41F 301529 18/01/2024 Books
© Designed and Maintained by Vivekananda Library, MDU Rohtak